[Event "12. OSIJEK OPEN"]
[Site "Osijek"]
[Date "2019.02.23"]
[Round "6.1"]
[White "Grandic, Zvjezdan"]
[Black "Ivekovic, Bozidar"]
[Result "0-1"]
[WhiteElo "2189"]
[BlackElo "2369"]
[PlyCount "172"]
[EventDate "2019.02.21"]

1. e4 c5 2. Nf3 d6 3. d4 cxd4 4. Nxd4 Nf6 5. Nc3 a6 6. a4 e6 7. g3 Nc6 8. Bg2
Bd7 9. O-O Nxd4 10. Qxd4 Bc6 11. h3 Be7 12. Kh2 O-O 13. f4 Qc7 14. Qf2 Nd7 15.
Be3 b6 16. g4 Qb7 17. g5 f6 18. Qg3 fxg5 19. fxg5 Ne5 20. Bf4 Qc7 21. Rad1 Rad8
22. h4 Ng6 23. Be3 Rxf1 24. Bxf1 Bb7 25. h5 Ne5 26. Bh3 Bc8 27. g6 hxg6 28.
hxg6 Bh4 29. Qg2 Rf8 30. Bg4 Nxg6 31. Bxe6+ Bxe6 32. Qxg6 Bf6 33. Bf4 Qc5 34.
Bxd6 Qf2+ 35. Qg2 Qh4+ 36. Kg1 Bg5 37. Qg3 Qxg3+ 38. Bxg3 Bg4 39. Rf1 Be3+ 40.
Bf2 Bh3 41. Bxe3 Rxf1+ 42. Kh2 Bd7 43. Bxb6 Rc1 44. Kg3 Rxc2 45. a5 Rxb2 46.
Nd5 Kf7 47. Kf4 Bb5 48. Ke5 Bc4 49. Nc7 Ke7 50. Kd4 Rc2 51. Na8 Ke6 52. Bc7 Bb5
53. Bf4 Rc4+ 54. Ke3 Ra4 55. Nc7+ Kd7 56. Nd5 Ra3+ 57. Kd4 Rxa5 58. Be5 g5 59.
Bf6 g4 60. Bh4 Bc6 61. Nf6+ Ke6 62. Nxg4 Bxe4 63. Kxe4 Ra4+ 64. Kf3 a5 65. Bf2
Rc4 66. Ne3 Rc8 67. Ke4 a4 68. Kd3 a3 69. Nc2 a2 70. Bd4 Rb8 71. Na1 Kd5 72.
Bc3 Rg8 73. Nc2 Rg3+ 74. Ne3+ Kc5 75. Kd2 Kb5 76. Be5 Rg5 77. Bf6 Rg6 78. Ba1
Kb4 79. Kc2 Rh6 80. Bc3+ Ka4 81. Kb2 Rh2+ 82. Nc2 a1=Q+ 83. Kxa1 Rxc2 84. Bg7
Kb3 85. Kb1 Rg2 86. Bd4 Rd2 0-1

[Event "12. OSIJEK OPEN"]
[Site "Osijek"]
[Date "2019.02.23"]
[Round "6.2"]
[White "Stocko, Josip"]
[Black "Nikic, Patrick"]
[Result "1-0"]
[WhiteElo "2278"]
[BlackElo "2046"]
[PlyCount "95"]
[EventDate "2019.02.21"]

1. e4 c5 2. Nf3 d6 3. d4 cxd4 4. Nxd4 Nf6 5. Nc3 a6 6. Bg5 e6 7. f4 h6 8. Bh4
Qb6 9. a3 Nc6 10. Bf2 Qc7 11. Nb3 b5 12. Be2 Be7 13. Bf3 Bb7 14. O-O O-O 15.
Qd2 Rfd8 16. Be3 d5 17. exd5 exd5 18. Ne2 Ne4 19. Qe1 Bf6 20. c3 Re8 21. Qc1
Qe7 22. Re1 a5 23. Ng3 a4 24. Nd2 Nxg3 25. hxg3 Qd7 26. Bf2 Na5 27. Qc2 Rxe1+
28. Rxe1 Rd8 29. Kh2 Nc4 30. Rd1 Qe7 31. Nxc4 bxc4 32. Qxa4 Qc7 33. Qa7 Qe7 34.
Qb6 Rd6 35. Qb4 Qc7 36. Bc5 Rd7 37. Bg4 Be7 38. Bxd7 Bxc5 39. Qb5 g5 40. Rf1
Bd6 41. Be8 Bc8 42. Qxd5 Be6 43. Qc6 Qb8 44. Bd7 gxf4 45. gxf4 Bxf4+ 46. Kh1
Qe5 47. Bxe6 fxe6 48. Qf3 1-0

[Event "12. OSIJEK OPEN"]
[Site "Osijek"]
[Date "2019.02.23"]
[Round "6.3"]
[White "Trbojevic, Mladen"]
[Black "Lalic, Kristijan"]
[Result "0-1"]
[WhiteElo "2351"]
[BlackElo "2191"]
[PlyCount "104"]
[EventDate "2019.02.21"]

1. d4 g6 2. Nf3 Bg7 3. Bg5 Nf6 4. Nbd2 c5 5. Bxf6 Bxf6 6. Ne4 Qb6 7. Nxf6+ Qxf6
8. e3 Nc6 9. c3 d6 10. d5 Ne5 11. Nxe5 Qxe5 12. Bb5+ Kf8 13. O-O a6 14. Be2 Kg7
15. Qd2 Rd8 16. f4 Qf6 17. Bf3 Rb8 18. Rfe1 e6 19. dxe6 fxe6 20. Rad1 b5 21. g4
e5 22. Rf1 e4 23. g5 Qf5 24. Bg2 Be6 25. Qc2 Bc4 26. Rfe1 Bd3 27. Qf2 c4 28.
Qh4 b4 29. Bh3 Qf7 30. Rd2 bxc3 31. bxc3 Rb5 32. f5 Rdb8 33. Qh6+ Kg8 34. f6
Re5 35. Rf2 Rbb5 36. Rg2 Qf8 37. Qh4 h5 38. gxh6 Kh7 39. Qg4 Qxf6 40. Qd7+ Kxh6
41. Bg4 Re7 42. Qc8 Rf7 43. h4 Qxc3 44. Kh2 Rb2 45. Reg1 Qe5+ 46. Kh1 Rff2 47.
Be2 Rxg2 48. Qf8+ Qg7 49. Qf4+ Kh7 50. Rxg2 Rxe2 51. Rg1 Qd7 52. Qg3 Qf5 0-1

[Event "12. OSIJEK OPEN"]
[Site "Osijek"]
[Date "2019.02.23"]
[Round "6.4"]
[White "Jusup, Matej"]
[Black "Muha, Magdalena"]
[Result "1-0"]
[WhiteElo "2235"]
[BlackElo "1754"]
[PlyCount "55"]
[EventDate "2019.02.21"]

1. d4 d5 2. Bf4 Nf6 3. e3 Bf5 4. Nf3 e6 5. c4 c6 6. Qb3 Qb6 7. c5 Qxb3 8. axb3
Nbd7 9. Nc3 Nh5 10. b4 h6 11. b5 g5 12. Bc7 Bg7 13. bxc6 bxc6 14. Ba6 e5 15.
Bb7 exd4 16. Nxd4 Bxd4 17. exd4 O-O 18. Bxa8 Rxa8 19. O-O a6 20. f3 Ng7 21.
Rfd1 Ne6 22. Bd6 h5 23. b4 Ra7 24. b5 cxb5 25. Nxb5 Rb7 26. Nc3 Rb3 27. Nxd5
Rd3 28. Ne7+ 1-0

[Event "12. OSIJEK OPEN"]
[Site "Osijek"]
[Date "2019.02.23"]
[Round "6.5"]
[White "Dabic, Stjepan"]
[Black "Cajzler, Hinko"]
[Result "1-0"]
[WhiteElo "2003"]
[BlackElo "2118"]
[PlyCount "97"]
[EventDate "2019.02.21"]

1. d4 Nf6 2. c4 e6 3. Nc3 d5 4. cxd5 exd5 5. Bg5 Be7 6. e3 Nbd7 7. Bd3 c6 8.
Qc2 O-O 9. Nge2 Re8 10. O-O Nf8 11. f3 Be6 12. Rae1 Nh5 13. Bxe7 Rxe7 14. e4
dxe4 15. fxe4 Bg4 16. d5 Rc8 17. Qb3 Nd7 18. d6 Re6 19. Bc4 Nc5 20. Bxe6 Nxb3
21. Bxg4 Qxd6 22. Bxc8 Na5 23. Rd1 Qc5+ 24. Kh1 Qf8 25. Bh3 Nc4 26. Rd7 Nf6 27.
Rxb7 Nd2 28. Rf4 Qd6 29. e5 Qxe5 30. Rd4 g5 31. Rxd2 g4 32. Ng1 gxh3 33. gxh3
Qf4 34. Rg2+ Kf8 35. Rxa7 Nh5 36. Ra5 Qf1 37. Nce2 Qb1 38. Ng3 Nf6 39. Rf2 Nd5
40. Ra8+ Ke7 41. Ra7+ Ke6 42. Re2+ Kf6 43. Ne4+ Kg6 44. Nc3 Nxc3 45. bxc3 f5
46. Rae7 Qd3 47. R7e3 Qd5+ 48. Nf3 f4 49. Re4 1-0

[Event "12. OSIJEK OPEN"]
[Site "Osijek"]
[Date "2019.02.23"]
[Round "6.6"]
[White "Kovacevic, Srecko"]
[Black "Marjanovic, Annamaria"]
[Result "0-1"]
[WhiteElo "2068"]
[BlackElo "2326"]
[PlyCount "68"]
[EventDate "2019.02.21"]

1. d4 Nf6 2. Nf3 e6 3. e3 d5 4. Bd3 c5 5. b3 Nc6 6. O-O Bd6 7. Bb2 O-O 8. a3 a6
9. Nbd2 Re8 10. Ne5 Ne7 11. f4 b5 12. dxc5 Bxc5 13. Bd4 Qb6 14. c3 Bb7 15. g4
Bxd4 16. cxd4 Ne4 17. Bxe4 dxe4 18. Nd7 Qc7 19. Nc5 Nd5 20. Qe2 f5 21. Rac1 Bc6
22. gxf5 exf5 23. Kh1 Qd6 24. Rg1 Nxf4 25. exf4 e3+ 26. Nf3 Qxf4 27. Rgf1 Qxd4
28. b4 Qf6 29. Kg1 Rad8 30. Rcd1 Qg6+ 31. Kh1 f4 32. Nd3 Qe4 33. h3 Qc4 34. Kh2
Be4 0-1

[Event "12. OSIJEK OPEN"]
[Site "Osijek"]
[Date "2019.02.23"]
[Round "6.7"]
[White "R, Damjan"]
[Black "Ljikar, Zoran"]
[Result "0-1"]
[WhiteElo "2056"]
[BlackElo "2200"]
[PlyCount "104"]
[EventDate "2019.02.21"]

1. Nf3 c5 2. c3 Nf6 3. d4 d5 4. Bf4 Nc6 5. e3 Qb6 6. Qb3 c4 7. Qc2 Bf5 8. Qc1
e6 9. h3 h6 10. Nbd2 Be7 11. Be2 O-O 12. O-O Qa5 13. b4 Qd8 14. a4 Ne4 15. Nxe4
Bxe4 16. Nd2 Bh7 17. Bf3 f5 18. Bd1 g5 19. Bh2 Bd6 20. Bxd6 Qxd6 21. f4 Kh8 22.
Nf3 Qe7 23. Ne5 Rg8 24. Qd2 Rg7 25. Kh2 Rag8 26. Rg1 gxf4 27. exf4 Nxe5 28.
dxe5 Rg3 29. Bf3 Qh4 30. Raf1 Bg6 31. Qd4 a6 32. a5 Bh5 33. Bxh5 Qxh5 34. Qb6
Qe2 35. Rf2 Qe3 36. Qxe3 Rxe3 37. Rc1 Rgg3 38. Rfc2 Kg7 39. Kg1 Kf7 40. Kf2 Ke7
41. Kg1 Kd7 42. Kf2 Kc6 43. Kg1 Kb5 44. Kf2 h5 45. Kg1 h4 46. Kf1 Re4 47. Rf2
d4 48. cxd4 Rxd4 49. Rb1 Rb3 50. Ra1 Kxb4 51. Rf3 c3 52. g3 c2 0-1

[Event "12. OSIJEK OPEN"]
[Site "Osijek"]
[Date "2019.02.23"]
[Round "6.8"]
[White "Tomasic, Roland"]
[Black "Marjanovic, Gyorgy"]
[Result "1/2-1/2"]
[WhiteElo "2166"]
[BlackElo "2004"]
[PlyCount "114"]
[EventDate "2019.02.21"]

1. e4 e5 2. Nf3 Nc6 3. Bb5 Nf6 4. Qe2 Bc5 5. c3 O-O 6. O-O d6 7. d3 Ne7 8. Be3
Bxe3 9. fxe3 Ng6 10. Nbd2 c6 11. Ba4 Qb6 12. Nc4 Qc7 13. Bb3 b5 14. Ncd2 Be6
15. Bc2 a6 16. d4 Bg4 17. Qf2 Bxf3 18. gxf3 c5 19. f4 cxd4 20. exd4 Nxf4 21.
Qh4 Ng6 22. Qg5 exd4 23. Rf3 dxc3 24. bxc3 Qc5+ 25. Qxc5 dxc5 26. Nb3 Nd7 27.
Rf5 Nge5 28. Nxc5 Nxc5 29. Rxe5 Ne6 30. Bb3 Rfc8 31. a4 Rxc3 32. Bxe6 fxe6 33.
axb5 Kf7 34. bxa6 Rc6 35. a7 Rc7 36. Rea5 Kf6 37. Kf2 Kf7 38. Kf3 Kf6 39. Kg4
Kf7 40. Kg5 Ke7 41. h4 Kf7 42. Ra6 Ke7 43. R1a5 Kf7 44. h5 h6+ 45. Kf4 Kf6 46.
Re5 Raxa7 47. Rexe6+ Kf7 48. Rxa7 Rxa7 49. Rb6 Ra5 50. Rb7+ Ke6 51. Rxg7 Rxh5
52. Rg6+ Ke7 53. Ra6 Kf7 54. e5 Ke7 55. Ke4 Rh1 56. Kf5 Rf1+ 57. Kg6 Re1
1/2-1/2

[Event "12. OSIJEK OPEN"]
[Site "Osijek"]
[Date "2019.02.23"]
[Round "6.9"]
[White "Gavran, Marinko"]
[Black "Grguric, Stjepan-Kresimir"]
[Result "1-0"]
[WhiteElo "1998"]
[BlackElo "2113"]
[PlyCount "39"]
[EventDate "2019.02.21"]

1. d4 d5 2. Nf3 Nf6 3. c4 dxc4 4. Nc3 e6 5. Bg5 Be7 6. e3 c5 7. Bxc4 Nc6 8.
dxc5 Qa5 9. O-O O-O 10. Qe2 a6 11. Rfd1 Qxc5 12. Rac1 Qa5 13. Bb3 e5 14. Nd5 e4
15. Nxf6+ Bxf6 16. Bxf6 exf3 17. Qxf3 gxf6 18. Rd5 Qb4 19. Qxf6 Ne7 20. Rd4 1-0

[Event "12. OSIJEK OPEN"]
[Site "Osijek"]
[Date "2019.02.23"]
[Round "6.10"]
[White "Mandic, Bojan"]
[Black "Mravunac, Branko"]
[Result "1-0"]
[WhiteElo "2003"]
[BlackElo "1990"]
[PlyCount "77"]
[EventDate "2019.02.21"]

1. Nf3 Nf6 2. c4 c5 3. g3 Nc6 4. Bg2 d6 5. Nc3 e5 6. d3 h6 7. O-O Bd7 8. a3 Qc8
9. Nd5 Nxd5 10. cxd5 Ne7 11. e4 g5 12. b4 b6 13. Bb2 Ng6 14. Rc1 Qa6 15. Ne1 h5
16. f4 gxf4 17. gxf4 Bg4 18. Qc2 Bh6 19. fxe5 Be3+ 20. Kh1 dxe5 21. Rb1 Rc8 22.
b5 Qb7 23. Rf6 Qe7 24. Rc6 Rd8 25. Nf3 Bxf3 26. Bxf3 Nf4 27. Re1 Bd4 28. Bxd4
cxd4 29. Rc7 Qf6 30. Qc6+ Qxc6 31. bxc6 Nxd3 32. Rf1 Nf4 33. Rxa7 d3 34. Rg1
Ng6 35. Bd1 h4 36. Bg4 O-O 37. c7 Rc8 38. d6 Ra8 39. Rxa8 1-0

[Event "12. OSIJEK OPEN"]
[Site "Osijek"]
[Date "2019.02.23"]
[Round "6.11"]
[White "Jurakic, Lukas"]
[Black "Matanovic, Luka"]
[Result "0-1"]
[WhiteElo "1880"]
[BlackElo "2251"]
[PlyCount "86"]
[EventDate "2019.02.21"]

1. e4 e5 2. Nf3 Nc6 3. Bb5 a6 4. Ba4 Nf6 5. d3 b5 6. Bb3 Be7 7. O-O d6 8. a4
Bd7 9. c3 O-O 10. Re1 Na5 11. Bc2 c5 12. Nbd2 b4 13. cxb4 cxb4 14. b3 Be6 15.
d4 Nd7 16. d5 Bg4 17. Bb2 Nc5 18. h3 Bd7 19. Nf1 Rc8 20. Ne3 g6 21. Nd2 Rc7 22.
Rc1 Bg5 23. Rb1 Qe7 24. Ndf1 Rfc8 25. Re2 Bf4 26. Ba1 h5 27. Qe1 Rb7 28. Nd1
Qd8 29. f3 Bxa4 30. bxa4 b3 31. Rb2 Nc4 32. Bb1 Nxa4 33. Nf2 Naxb2 34. Bxb2
Nxb2 35. Rxb2 a5 36. Nd3 a4 37. Nxf4 exf4 38. Nd2 Qb6+ 39. Qf2 Rc1+ 40. Nf1
Qxf2+ 41. Kxf2 a3 42. Rd2 Rxb1 43. e5 a2 0-1

[Event "12. OSIJEK OPEN"]
[Site "Osijek"]
[Date "2019.02.23"]
[Round "6.12"]
[White "Sasvari, Zelimir"]
[Black "Kovac, Petar"]
[Result "0-1"]
[WhiteElo "2215"]
[BlackElo "1658"]
[PlyCount "76"]
[EventDate "2019.02.21"]

1. c4 e5 2. Nc3 Nf6 3. g3 Nc6 4. Bg2 g6 5. e3 Bg7 6. Nge2 O-O 7. h4 h5 8. d4 d6
9. d5 Ne7 10. e4 Bd7 11. f3 Qc8 12. Be3 a6 13. c5 Ne8 14. Rc1 Qd8 15. b4 f5 16.
Qb3 Kh7 17. a4 Nf6 18. Bg5 fxe4 19. Nxe4 Nxe4 20. fxe4 Bg4 21. Qe3 Qd7 22. c6
bxc6 23. Bxe7 Qxe7 24. Rxc6 Rf7 25. Qg5 Qd7 26. Qc1 Bxe2 27. Kxe2 Qg4+ 28. Kd3
Qxg3+ 29. Kc4 Qxg2 30. Qb1 Rf3 31. Re1 Qd2 32. Rxa6 Rxa6 33. a5 Rb6 34. axb6
Qd4+ 35. Kb5 Qxb6+ 36. Kc4 Qa6+ 37. b5 Qa4+ 38. Qb4 Qa2+ 0-1

[Event "12. OSIJEK OPEN"]
[Site "Osijek"]
[Date "2019.02.23"]
[Round "6.13"]
[White "Horvat, David"]
[Black "Cupic, Tvrtko"]
[Result "1-0"]
[WhiteElo "2212"]
[BlackElo "1690"]
[PlyCount "59"]
[EventDate "2019.02.21"]

1. e4 e5 2. Nf3 Nc6 3. d4 exd4 4. Nxd4 Bc5 5. Nb3 Bb6 6. Nc3 Nf6 7. Qe2 O-O 8.
Bg5 h6 9. Bh4 Re8 10. O-O-O d6 11. f3 a5 12. Nd5 g5 13. Nxb6 cxb6 14. Bf2 a4
15. Nd4 a3 16. b3 d5 17. Qe3 Qe7 18. Bb5 Bd7 19. Rhe1 dxe4 20. c4 Rac8 21. Bxc6
Bxc6 22. h4 Qc5 23. hxg5 exf3 24. Qf4 Ne4 25. gxh6 Re5 26. h7+ Kg7 27. Ne6+
Rxe6 28. Bxc5 Nxc5 29. Qg4+ Kxh7 30. Rh1+ 1-0

[Event "12. OSIJEK OPEN"]
[Site "Osijek"]
[Date "2019.02.23"]
[Round "6.14"]
[White "Cubelic, Milan"]
[Black "Bevanda, Ema"]
[Result "1/2-1/2"]
[WhiteElo "2108"]
[BlackElo "1632"]
[PlyCount "112"]
[EventDate "2019.02.21"]

1. e4 e6 2. d3 d5 3. Nd2 Nf6 4. g3 Be7 5. Bg2 O-O 6. Ne2 c5 7. O-O Nc6 8. c3
Re8 9. Qc2 Qc7 10. h3 b6 11. f4 dxe4 12. dxe4 Bb7 13. Kh2 Rad8 14. a3 a5 15. e5
Nd5 16. Ne4 b5 17. b3 h6 18. Re1 Rd7 19. Bd2 Red8 20. Rad1 Nb6 21. Be3 c4 22.
b4 axb4 23. axb4 Nd5 24. Bf2 Ra8 25. Ra1 Rdd8 26. Red1 f6 27. Rxa8 Bxa8 28.
exf6 Nxf6 29. Nxf6+ Bxf6 30. Rxd8+ Qxd8 31. Qe4 Kf7 32. f5 exf5 33. Qxf5 Ne5
34. Bxa8 Qxa8 35. Nd4 Qd5 36. Kg1 g6 37. Qc8 Nf3+ 38. Nxf3 Qxf3 39. Qd7+ Be7
40. Qxb5 Qxc3 41. Qd5+ Kf8 42. b5 Qa1+ 43. Kg2 c3 44. b6 c2 45. b7 Qb2 46. Qc6
c1=Q 47. b8=Q+ Qxb8 48. Qxc1 Qb7+ 49. Kg1 Kg7 50. h4 Bf6 51. Be3 h5 52. Qc5 Qe7
53. Qb6 Qd7 54. Qb4 Qd1+ 55. Kf2 Qc2+ 56. Bd2 Qf5+ 1/2-1/2

[Event "12. OSIJEK OPEN"]
[Site "Osijek"]
[Date "2019.02.23"]
[Round "6.15"]
[White "Grguric, Damir"]
[Black "Sokcevic, Dario"]
[Result "1-0"]
[WhiteElo "1986"]
[BlackElo "1506"]
[PlyCount "71"]
[EventDate "2019.02.21"]

1. d4 Nf6 2. Nf3 g6 3. Nc3 Bg7 4. e4 d6 5. h3 O-O 6. Be3 e5 7. Bc4 Nbd7 8. Qd2
Re8 9. dxe5 Nxe5 10. Nxe5 dxe5 11. O-O-O Qxd2+ 12. Rxd2 a6 13. Rhd1 b5 14. Bd5
Rb8 15. Bc6 Bb7 16. Bxe8 Rxe8 17. f3 c5 18. Rd8 Bf8 19. Rxe8 Nxe8 20. Rd8 Bc6
21. Nd5 Kg7 22. Rc8 Bxd5 23. exd5 Nd6 24. Bh6+ Kxh6 25. Rxf8 Kg5 26. Rd8 Nc4
27. b3 Nb6 28. Rd6 Na8 29. Rxa6 Nc7 30. d6 Ne6 31. d7 Nd8 32. Ra8 Nc6 33. d8=Q+
Nxd8 34. Rxd8 Kf4 35. a4 bxa4 36. bxa4 1-0

[Event "12. OSIJEK OPEN"]
[Site "Osijek"]
[Date "2019.02.23"]
[Round "6.17"]
[White "Cvijanovic, Srecko"]
[Black "Benes, Miodrag"]
[Result "1-0"]
[WhiteElo "1841"]
[BlackElo "1829"]
[PlyCount "39"]
[EventDate "2019.02.21"]

1. e4 g6 2. d4 Bg7 3. Be3 d6 4. Nc3 Nf6 5. f3 c6 6. Qd2 Nbd7 7. Bh6 e5 8. Bxg7
Rg8 9. Bxf6 Qxf6 10. dxe5 dxe5 11. O-O-O b5 12. Qd6 Qg5+ 13. Kb1 b4 14. Qxc6
Rb8 15. Nb5 Kf8 16. Nh3 Qe3 17. Bc4 Kg7 18. Rhe1 Qh6 19. Nd6 g5 20. Nf5+ 1-0

[Event "12. OSIJEK OPEN"]
[Site "Osijek"]
[Date "2019.02.23"]
[Round "6.18"]
[White "Ronta, Ivan"]
[Black "Radikovic, Anamarija"]
[Result "0-1"]
[WhiteElo "1717"]
[BlackElo "1921"]
[PlyCount "128"]
[EventDate "2019.02.21"]

1. e4 c5 2. Nf3 d6 3. Bb5+ Nd7 4. O-O a6 5. Bd3 e5 6. c3 b5 7. a4 c4 8. Bc2
bxa4 9. Bxa4 Ngf6 10. Qe2 Bb7 11. Qxc4 Bxe4 12. Bc6 Rc8 13. Ng5 Bd5 14. Bxd7+
Qxd7 15. Qxa6 Ra8 16. Qxa8+ Bxa8 17. Rxa8+ Ke7 18. d4 Qb7 19. Ra5 Nd7 20. dxe5
dxe5 21. Be3 f6 22. Ra7 Qc6 23. Rd1 fxg5 24. Rdxd7+ Qxd7 25. Bxg5+ Ke6 26. Rxd7
Kxd7 27. Nd2 h6 28. Be3 Be7 29. Ne4 Kc6 30. Kf1 Rb8 31. b4 Kb5 32. Bc5 Bxc5 33.
Nxc5 Rd8 34. Ke2 Kc4 35. Ne4 g5 36. g4 Rd7 37. f3 Rd8 38. Ke3 Rd1 39. Kf2 Kd3
40. h3 Rb1 41. Kg2 Ke3 42. Nc5 Rb2+ 43. Kg3 Rf2 44. b5 Rxf3+ 45. Kg2 Rf2+ 46.
Kg3 Rb2 47. c4 Kd4 48. Nd7 e4 49. c5 Rxb5 50. c6 Rb3+ 51. Kg2 Rc3 52. Nb8 Kd5
53. Kf2 Rxc6 54. Nxc6 Kxc6 55. Ke2 Kd5 56. Ke3 Ke5 57. Ke2 Kf4 58. Kf2 e3+ 59.
Ke2 Ke4 60. Ke1 Kf3 61. Kf1 e2+ 62. Ke1 Ke3 63. h4 gxh4 64. g5 h3 0-1

[Event "12. OSIJEK OPEN"]
[Site "Osijek"]
[Date "2019.02.23"]
[Round "6.20"]
[White "Dubrovic, Mihovil"]
[Black "Damjanovic, Stjepan"]
[Result "0-1"]
[WhiteElo "1916"]
[BlackElo "1698"]
[PlyCount "114"]
[EventDate "2019.02.21"]

1. e4 c5 2. Nf3 Nc6 3. Bb5 g6 4. c3 Bg7 5. O-O Nf6 6. Re1 O-O 7. Bxc6 bxc6 8.
d3 d5 9. e5 Nd7 10. Bf4 e6 11. Nbd2 Rb8 12. a3 Rxb2 13. Qa4 Qc7 14. Rab1 Rb6
15. c4 Ra6 16. Qb3 Qa5 17. Ra1 Rb6 18. Qc2 Ba6 19. Nf1 Rb7 20. Ra2 Rfb8 21. h4
Qb6 22. N1d2 h5 23. Kh2 Qc7 24. g3 Rb6 25. Kh3 Qb7 26. Rg1 Rb2 27. Rxb2 Qxb2
28. Qa4 Qb7 29. Rb1 Qc8 30. Rxb8 Nxb8 31. Qa5 Bf8 32. Be3 Nd7 33. Bg5 Nb6 34.
Bf6 dxc4 35. dxc4 Qb7 36. Qc3 Qd7 37. g4 hxg4+ 38. Kxg4 Bh6 39. Bg5 Bg7 40. h5
gxh5+ 41. Kxh5 Qe8 42. Bf6 Nd7 43. Ne4 Nxf6+ 44. Nxf6+ Bxf6 45. exf6 Qb8 46.
Ne5 Qf8 47. Qh3 Bc8 48. Qh4 a6 49. Nxc6 Qd6 50. Qg5+ Kf8 51. Qg7+ Ke8 52. Qg8+
Qf8 53. Qg7 Qd6 54. Qg8+ Kd7 55. Qd8+ Kxc6 56. Qxc8+ Kb6 57. Qg8 Qh2+ 0-1

[Event "12. OSIJEK OPEN"]
[Site "Osijek"]
[Date "2019.02.23"]
[Round "6.21"]
[White "Franc, Borna"]
[Black "Maroslavac, Ivana"]
[Result "0-1"]
[WhiteElo "1755"]
[BlackElo "1695"]
[PlyCount "88"]
[EventDate "2019.02.21"]

1. e4 e5 2. Nf3 Nc6 3. Bc4 Bc5 4. d3 d6 5. Nc3 h6 6. h3 Nf6 7. Bd2 a6 8. a3 O-O
9. Qe2 b5 10. Ba2 Re8 11. Nd5 Be6 12. g4 Bxd5 13. Bxd5 Nxd5 14. exd5 Nd4 15.
Qd1 Qf6 16. Nxd4 Bxd4 17. O-O Bxb2 18. Ra2 Bd4 19. Ba5 Rac8 20. c3 Ba7 21. c4
bxc4 22. dxc4 c6 23. Bb4 Red8 24. dxc6 Rxc6 25. Qd5 Rdc8 26. Rc2 Qg6 27. Re2 h5
28. Re4 hxg4 29. Rxg4 Qf6 30. Kg2 Bc5 31. f4 Qe6 32. fxe5 dxe5 33. Bxc5 Qxd5+
34. cxd5 Rxc5 35. Rd1 Rd8 36. Ra4 Rd6 37. Kf3 f5 38. h4 a5 39. h5 Rdxd5 40. Rg1
Rd3+ 41. Ke2 Rh3 42. Rg5 Rc2+ 43. Kf1 Rh1+ 44. Rg1 Rc1+ 0-1

[Event "12. OSIJEK OPEN"]
[Site "Osijek"]
[Date "2019.02.23"]
[Round "6.22"]
[White "Matanovic, Pavo"]
[Black "Vurdelja, Slavko"]
[Result "1-0"]
[WhiteElo "1816"]
[BlackElo "1840"]
[PlyCount "151"]
[EventDate "2019.02.21"]

1. e4 e5 2. Nf3 Nc6 3. Bb5 a6 4. Ba4 Be7 5. O-O Nf6 6. Re1 b5 7. Bb3 d6 8. c3
O-O 9. h3 Na5 10. Bc2 c5 11. d4 cxd4 12. cxd4 Qc7 13. Nbd2 Re8 14. d5 g6 15.
Nf1 Bf8 16. b3 Bd7 17. Bg5 Bg7 18. Qd2 Rec8 19. Rac1 Qd8 20. Ng3 Nb7 21. b4 a5
22. a3 axb4 23. axb4 Ra2 24. Qd3 h6 25. Bb3 Raa8 26. Be3 g5 27. Kh2 Kh8 28. Ng1
Qf8 29. N1e2 g4 30. Nc3 Qe8 31. Qd2 Kh7 32. f3 gxf3 33. gxf3 Ra3 34. Qb2 Raa8
35. Rg1 Qe7 36. Bc2 Rg8 37. Bd3 Qe8 38. Ra1 Bh8 39. Rxa8 Qxa8 40. Nxb5 Qb8 41.
Rg2 Nd8 42. Na3 h5 43. h4 Nb7 44. Bg5 Rg6 45. Bb5 Bc8 46. Bc6 Bg7 47. Nf5 Bf8
48. Nc4 Nd7 49. Ne7 Bxe7 50. Bxe7 Qc7 51. Ne3 Nb8 52. Bxb7 Qxb7 53. Rxg6 fxg6
54. Bxd6 Nd7 55. Nc4 Qa6 56. b5 Qa4 57. Nxe5 Qd1 58. Qg2 Nxe5 59. Bxe5 Qb3 60.
Qe2 Bd7 61. Kg3 Bxb5 62. Qd2 Qa4 63. Bc3 Qa8 64. Qd4 Qg8 65. Qe5 Be8 66. Qe7+
Qf7 67. Qxf7+ Bxf7 68. Bf6 Kg8 69. Kf4 Be8 70. Ke5 Kf7 71. Bg5 Bd7 72. Kd6 Bh3
73. e5 Ke8 74. e6 Bg2 75. Ke5 Bxf3 76. d6 1-0

[Event "12. OSIJEK OPEN"]
[Site "Osijek"]
[Date "2019.02.23"]
[Round "6.23"]
[White "Tomasic, Dragutin"]
[Black "Raguz, Ivanka"]
[Result "1-0"]
[WhiteElo "1869"]
[BlackElo "1706"]
[PlyCount "91"]
[EventDate "2019.02.21"]

1. Nf3 d5 2. g3 b6 3. Bg2 Bb7 4. d4 Nf6 5. O-O g6 6. Bf4 Bg7 7. c4 e6 8. Nc3 c6
9. Qc1 h5 10. cxd5 exd5 11. Re1 Na6 12. e4 Kf8 13. e5 Ne4 14. Ng5 Nb4 15. Bf1
c5 16. Ncxe4 dxe4 17. e6 f5 18. Nf7 Qxd4 19. Nxh8 Bxh8 20. Bh6+ Ke7 21. Qg5+
Qf6 22. Qd2 Qxe6 23. a3 Nc6 24. Rad1 Ne5 25. Bg2 c4 26. Bg5+ Kf7 27. Qd6 Qxd6
28. Rxd6 Nd3 29. Re2 Ba6 30. f3 Bxb2 31. fxe4 Bxa3 32. Rf6+ Kg7 33. exf5 Bc5+
34. Kf1 Rf8 35. Rxg6+ Kh7 36. Rh6+ Kg7 37. f6+ Rxf6+ 38. Rxf6 c3 39. Bf3 Nf2
40. Bxh5 Ne4 41. Rf7+ Kg8 42. Bc1 c2 43. Rxa7 Bxe2+ 44. Bxe2 b5 45. Ra8+ Bf8
46. Bxb5 1-0

[Event "12. OSIJEK OPEN"]
[Site "Osijek"]
[Date "2019.02.23"]
[Round "6.24"]
[White "Marjanovic, Alex"]
[Black "Zorman, Antun"]
[Result "0-1"]
[WhiteElo "1569"]
[BlackElo "1896"]
[PlyCount "76"]
[EventDate "2019.02.21"]

1. e4 d6 2. d4 Nc6 3. Nc3 g6 4. Be3 a6 5. f3 Bg7 6. Nge2 e6 7. g4 Nf6 8. Qd2 h5
9. g5 Nd7 10. h4 Nb6 11. Ng3 e5 12. dxe5 Nxe5 13. Bg2 Nec4 14. Qc1 Nxb2 15. Bd2
N2c4 16. Nge2 c6 17. O-O O-O 18. f4 Nxd2 19. Qxd2 Nc4 20. Qd3 b5 21. Rac1 Qb6+
22. Kh1 Ne3 23. Rf3 Ng4 24. Rcf1 Bb7 25. Bh3 c5 26. Bxg4 hxg4 27. Rg3 c4 28.
Qd2 Rfe8 29. Nd5 Qc5 30. Nf6+ Bxf6 31. gxf6 Bxe4+ 32. Kh2 Qh5 33. Re3 Qxh4+ 34.
Kg1 Qh1+ 35. Kf2 Qh2+ 36. Ke1 Bf3 37. Nd4 Qxf4 38. Re7 Qxf6 0-1

[Event "12. OSIJEK OPEN"]
[Site "Osijek"]
[Date "2019.02.23"]
[Round "6.25"]
[White "Fures, Ivica"]
[Black "Colev, Ivor"]
[Result "1/2-1/2"]
[WhiteElo "1879"]
[BlackElo "1573"]
[PlyCount "101"]
[EventDate "2019.02.21"]

1. Nc3 f5 2. g3 Nf6 3. d4 g6 4. Bg2 Bg7 5. Nf3 O-O 6. O-O d6 7. Re1 Ne4 8. Ng5
Nxg5 9. Bxg5 h6 10. Bc1 e5 11. dxe5 dxe5 12. Qd5+ Kh7 13. Rd1 Qe7 14. Be3 Na6
15. Qa5 b6 16. Qb5 e4 17. a3 c5 18. Bf4 Qf7 19. h4 Bd4 20. e3 Bf6 21. Rd2 g5
22. Nxe4 fxe4 23. Bxe4+ Kh8 24. Bxa8 gxf4 25. Bd5 Qg7 26. exf4 Bxb2 27. Rb1 Bc3
28. Re2 Nc7 29. Qc6 Rf6 30. Re8+ Nxe8 31. Qxc8 Rf8 32. Bg2 Bd4 33. Kf1 Nf6 34.
Qc6 Ng4 35. Re1 Bxf2 36. Rd1 Qc3 37. Bf3 Ne3+ 38. Ke2 Nf5 39. Kxf2 Qxc2+ 40.
Kg1 Qc3 41. Kh2 Qb2+ 42. Kh3 Qg7 43. Rg1 Rg8 44. Qe4 Nd4 45. Bd1 Qd7+ 46. Kh2
Qg7 47. Bh5 c4 48. f5 Qf6 49. Bg6 c3 50. Rc1 c2 51. Qb7 1/2-1/2

[Event "12. OSIJEK OPEN"]
[Site "Osijek"]
[Date "2019.02.23"]
[Round "6.26"]
[White "Lovakovic, Franjo"]
[Black "Gnjajic, Blagoja"]
[Result "1-0"]
[WhiteElo "1867"]
[BlackElo "1677"]
[PlyCount "105"]
[EventDate "2019.02.21"]

1. e4 e5 2. Nf3 d6 3. d4 Bg4 4. dxe5 Bxf3 5. Qxf3 dxe5 6. Bc4 Qf6 7. Qb3 b6 8.
Nc3 c6 9. O-O Nd7 10. Be3 Nh6 11. f4 Nc5 12. Bxc5 Bxc5+ 13. Kh1 exf4 14. Nd5
cxd5 15. Qb5+ Kf8 16. Bxd5 Rd8 17. c3 Ng4 18. h3 Qh4 19. Rxf4 Nf2+ 20. Rxf2
Qxf2 21. Rf1 Rxd5 22. Rxf2 Rd1+ 23. Rf1 Rxf1+ 24. Qxf1 Ke7 25. b4 Bd6 26. Qf5
f6 27. c4 g6 28. Qd5 Rd8 29. g4 Bxb4 30. Qb7+ Rd7 31. Qb8 Bd6 32. Qg8 Be5 33.
Qxh7+ Kd8 34. Qxg6 Rd1+ 35. Kg2 Rd2+ 36. Kf1 Rxa2 37. h4 Ra1+ 38. Kg2 Ra2+ 39.
Kf1 Ra1+ 40. Kg2 Ra2+ 41. Kf3 Ra3+ 42. Ke2 Ra2+ 43. Kd1 Bc3 44. h5 Rh2 45. h6
a5 46. h7 Kc7 47. Qg7+ Kc6 48. h8=Q Rxh8 49. Qxh8 Kc5 50. g5 a4 51. Kc2 Be5 52.
g6 Kxc4 53. g7 1-0

[Event "12. OSIJEK OPEN"]
[Site "Osijek"]
[Date "2019.02.23"]
[Round "6.27"]
[White "Topalic, Fran"]
[Black "Vucenovic, Damian"]
[Result "0-1"]
[WhiteElo "1480"]
[BlackElo "1633"]
[PlyCount "46"]
[EventDate "2019.02.21"]

1. e4 e5 2. Nf3 Nc6 3. Bc4 Bc5 4. d3 Nf6 5. O-O d6 6. c3 Bb6 7. b4 Be6 8. Nbd2
O-O 9. a4 a6 10. h3 Ne7 11. Re1 Ng6 12. Bxe6 fxe6 13. Nc4 Ba7 14. d4 exd4 15.
Nxd4 Qd7 16. e5 Nd5 17. Bb2 Rae8 18. f3 dxe5 19. Nxe5 Nxe5 20. Rxe5 Qd6 21. Re2
g5 22. c4 Nxb4 23. c5 Bxc5 0-1